Southville International School and Colleges
Your cart is empty.
  • Cart
  • Lists
    Public lists Eva Luna New books Lux_list list_1
    Your lists Log in to create your own lists
  • Log in to your account
  • Your cookies
  • Search history
Southville International School and Colleges
  • Advanced search
  • Recent comments
  • Most popular
  • Libraries

Log in to your account

Log in with GOOGLE


If you do not have an external account, but do have a local account, you can still log in:

  1. Home
  2. MARC view: Human anatomy /
Normal view MARC view ISBD view

Human anatomy / (Record no. 10512)

[ view plain ]
MARC details
000 -LEADER
fixed length control field 00644nam a22002297a 4500
003 - CONTROL NUMBER IDENTIFIER
control field SISC
005 - DATE AND TIME OF LATEST TRANSACTION
control field 20160217134224.0
008 - FIXED-LENGTH DATA ELEMENTS--GENERAL INFORMATION
fixed length control field 130906t xxu||||| |||| 00| 0 eng d
020 ## - INTERNATIONAL STANDARD BOOK NUMBER
International Standard Book Number 0697160653
050 ## - LIBRARY OF CONGRESS CALL NUMBER
Classification number QM 23.2
Item number .V217 1995
082 ## - DEWEY DECIMAL CLASSIFICATION NUMBER
Classification number HS 611
Item number V26 1995
100 ## - MAIN ENTRY--PERSONAL NAME
Personal name Van De Graaff, Kent M.
9 (RLIN) 16853
245 ## - TITLE STATEMENT
Title Human anatomy /
Statement of responsibility, etc Kent M. Van De Graaff.
250 ## - EDITION STATEMENT
Edition statement 4th ed.
260 ## - PUBLICATION, DISTRIBUTION, ETC. (IMPRINT)
Place of publication, distribution, etc Dubuque, Iowa :
Name of publisher, distributor, etc Wm. C. Brown Publishers,
Date of publication, distribution, etc c1995.
300 ## - PHYSICAL DESCRIPTION
Extent 808 p. :
Other physical details col. ill. ;
Dimensions 28 cm.
500 ## - GENERAL NOTE
General note Includes index.
650 ## - SUBJECT ADDED ENTRY--TOPICAL TERM
Topical term or geographic name as entry element Anatomy.
9 (RLIN) 8595
650 ## - SUBJECT ADDED ENTRY--TOPICAL TERM
Topical term or geographic name as entry element Human Anatomy.
9 (RLIN) 2588
942 ## - ADDED ENTRY ELEMENTS (KOHA)
Source of classification or shelving scheme Library of Congress Classification
Koha item type Books
Holdings
Withdrawn status Lost status Source of classification or shelving scheme Damaged status Home library Current library Shelving location Date acquired Total Checkouts Full call number Barcode Date last seen Date checked out Copy number Price effective from Koha item type
    Library of Congress Classification   Luxembourg Library Luxembourg Library High School Section 09/06/2013 1 QM 23.2 .V217 1995 7548 12/05/2018 12/05/2018 1 09/06/2013 Books

Human anatomy /

APA

Van De Graaff K. M., . (1995). Human anatomy. Dubuque, Iowa: Wm. C. Brown Publishers.

Chicago

Van De Graaff Kent M, . 1995. Human anatomy. Dubuque, Iowa: Wm. C. Brown Publishers.

Harvard

Van De Graaff K. M., . (1995). Human anatomy. Dubuque, Iowa: Wm. C. Brown Publishers.

MLA

Van De Graaff Kent M, . Human anatomy. Dubuque, Iowa: Wm. C. Brown Publishers. 1995.

  • Place hold
  • Print
  • Cite
  • Add to your cart (remove)
  • Save record
    BIBTEX Dublin Core MARCXML MARC (non-Unicode/MARC-8) MARC (Unicode/UTF-8) MARC (Unicode/UTF-8, Standard) MODS (XML) RIS
  • More searches
    Search for this title in:
    Other Libraries (WorldCat) Other Databases (Google Scholar) Online Stores (Bookfinder.com) Open Library (openlibrary.org)

Exporting to Dublin Core...

SOUTHVILLE LIBRARY

Southville International School and Colleges Library

1281 Tropical Ave. Cor. Luxembourg St., BF Homes International, Las Pinas City

Tel. No. 8256374 / 252358 Loc. 117/146

Powered by Koha